00731nam a22001935i 450000100060000000300090000600500170001500700030003200800410003504000200007610000370009624501250013325000120025826000830027030000220035385200210037599900170039695201240041368434ES-MaACL20230906170301.0t|960802s1871 po ||||1| por d aCAM bspa cCAM1 aGarcía Ramos, Accurcio.95515210aNoticia do archipelago dos Açores e do que ha mais importante na sua historia natural / cpor Accurcio García Ramos. a2ª ed. aLisboa : b[s.n.], c1871 (fTypographia universal de Thomaz Quintino Antunes) a227 p. ; c20 cm. aES-MaACLjG-8967 c68434d68434 001040708LIBXIXaATENEOMbATENEOMcSPP3d2008-01-17eSCl0oG-8967p1071637r2023-02-23 00:00:00w2023-02-23yMONANT